000 00735nam a2200289Ia 4500
005 20260324131212.0
008 008 260324s9999 xx 000 0 eng d
020 _a9781003444923
037 _aEBOOK
040 _aCRL
040 _beng
040 _cCRL
041 _2eng
041 _aeng
084 _qCRL
100 _aMary C. Hardin; Richard Eribes; Charles (Corky) Poster
_91184607
245 0 _aFrom the Studio to the Streets
245 0 _bService-Learning in Planning and Architecture
260 _bTaylor and Francis
260 _c2006
365 _a
365 _b145
856 _uhttp://www.taylorfrancis.com/books/9781003444923
942 _cEBOOK
999 _c1781551
_d1781551